000
00310nam a22001217a 4500
008
180606b xxu||||| |||| 00| 0 eng d
041
_a
eng
080
_a
043.3
100
_a
0
101
_a
SI-BTH
245
_a
Menaxhimi i nivelit të shërbimit në sektorin bankar të Kosovës
_c
Junuzi,Sh
942
_2
udc
_c
BK
999
_c
46437
_d
46437